| 000 | 01081cam a2200325 i 4500 | ||
|---|---|---|---|
| 001 | 17879167 | ||
| 003 | OSt | ||
| 005 | 20230620105233.0 | ||
| 008 | 130909s2012 ke a b f000 0 eng | ||
| 010 | _a 2013441188 | ||
| 020 | _a9789966211781 | ||
| 040 |
_aDLC _beng _cDLC _erda |
||
| 042 |
_alcode _apcc |
||
| 043 | _af-ke--- | ||
| 050 | 0 | 0 |
_aGB628.88.K4 _bB87 2012 |
| 082 |
_a912 _bUNEP |
||
| 100 | 1 | _aBusinge, Monday S. | |
| 245 | 1 | 0 |
_aKenya wetlands atlas _ccoordinating and lead author and principal editor, Monday S. Businge. |
| 264 | 1 |
_aNairobi, Kenya : _bMinistry of Environment and Mineral Resources, _c2012. |
|
| 300 |
_aviii, 140 pages : _bcolor illustrations ; _c37 cm |
||
| 336 |
_atext _2rdacontent |
||
| 336 |
_astill image _2rdacontent |
||
| 337 |
_aunmediated _2rdamedia |
||
| 338 |
_avolume _2rdacarrier |
||
| 650 | 0 |
_aWetlands _zKenya _vPictorial works. |
|
| 710 | 1 |
_aKenya. _bMinistry of Environment and Mineral Resources. |
|
| 906 |
_a7 _bcbc _corigode _d2 _encip _f20 _gy-gencatlg |
||
| 942 |
_2ddc _cBK |
||
| 999 |
_c1600 _d1600 |
||